000 00506nam a2200181Ia 4500
008 100920s9999 xx 000 0 und d
082 _b42359
_a891.464 थ 80
100 _aसाधले आनंद.
245 _aएकटा.
260 _bप्रिया प्रकाशन,मुंबई 4.
_c1980
300 _a201
_bसाधी
365 _b25
520 _aनिबंध.
630 _aएकटा.
650 _aनिबंध.
730 _aएकटा.
942 _cBOOK
999 _c692613
_d692610